000 00546nam a2200181Ia 4500
001 6631
008 260622s9999 xx 000 0 und d
020 _a9789953891835
245 0 _aحكايتي شرح يطول/
_cحنان الشيخ
250 _aالطبعة الثانية؛
260 _aبيروت؛
_bدارالآداب؛
_c2014
300 _a384p;
_c21x14cm
546 _aArabic
650 _aPJ7501-8517 Arabic literature
655 _aFiction رواية
_99483
700 _aAlSheikh, Hanan حنان الشيخ
_99484
942 _cBK
999 _c6631
_d6631